000 00545nam a2200193 i 4500
001 34572
003 ES-MaACL
005 20251011063058.0
007 t|
008 030207s1968 sp ||||1| spa d
080 _a860-311.2"19"
100 1 _aGarcía Blázquez, José Antonio,
_d1940-
_9171422
245 1 0 _aNo encontré rosas para mi madre /
_cJosé Antonio G. Blázquez.
250 _a1ª ed.
260 _aMadrid :
_bAlfaguara,
_c1968.
300 _a342 p. ;
_c21 cm.
852 _aES-MaACL
_jC-35418
999 _c34572
_d34572